000 00328nam a2200145Ia 4500
005 20251222152657.0
008 251222s9999||||xx |||||||||||||| ||spa||
020 _a8440641737
082 _a812.54/G79
100 _aGreünberg, Serge
245 0 _aM. Butterfly
250 _a1ra.ed.
264 _bEdiciones. B.
942 _cLIB
999 _c28699
_d28699